00699nam a2200181 a 4500008004100000020001500041050001800056100003500074245006400109260004800173300002000221350000900241500011200250650005800362650004600420650003400466700001700500120416s1988 ||||||||||||||||| || u a0135561841 aHF 5430.3 Ber aBerry, Brian Joe Lobley, 1934-10aMarket centers and retail location: theory and applications aEnglewood Cliffs N.J.:bPrentice Hallc1988 ax, 230p. : ill. a0.00 aRev. ed. of: Geography of market centers and retail distribution. 1967. -Includes bibliographies and index. aCENTRAL BUSINESS--DISTRICTS--UNITED STATES OF AMERICA aSHOPPING CENTERS--UNITED STATES--LOCATION aSTORE LOCATION--UNITED STATES aParr, John B